الإقتصاد الأردني في إطاره الإقليمي و الدولي ( أوراق مؤتمر) / (رقم التسجيلة. 106961)

تفاصيل مارك
000 -LEADER
fixed length control field 00745nam a22002177a 4500
005 - DATE AND TIME OF LATEST TRANSACTION
control field 20251108173550.0
008 - FIXED-LENGTH DATA ELEMENTS--GENERAL INFORMATION
fixed length control field 250721s1996 xx 000 0 ara d
082 14 - DEWEY DECIMAL CLASSIFICATION NUMBER
Classification number 330.9565/مؤت
100 1# - MAIN ENTRY--PERSONAL NAME
Personal name الحوراني، هاني
Relator term Advis.
245 10 - TITLE STATEMENT
Title الإقتصاد الأردني في إطاره الإقليمي و الدولي ( أوراق مؤتمر) /
264 1# - PRODUCTION, PUBLICATION, DISTRIBUTION, MANUFACTURE, AND COPYRIGHT NOTICE
Place of production, publication, distribution, manufacture عمان :
Name of producer, publisher, distributor, manufacturer دار سندباد للنشر،
Date of production, publication, distribution, manufacture, or copyright notice 1996.
300 ## - PHYSICAL DESCRIPTION
Extent 519 ص.
650 17 - SUBJECT ADDED ENTRY--TOPICAL TERM
Topical term or geographic name as entry element العلوم الإجتماعية
650 17 - SUBJECT ADDED ENTRY--TOPICAL TERM
Topical term or geographic name as entry element الإقتصاد
650 17 - SUBJECT ADDED ENTRY--TOPICAL TERM
Topical term or geographic name as entry element تاريخ الأردن
650 17 - SUBJECT ADDED ENTRY--TOPICAL TERM
Topical term or geographic name as entry element الأحوال الإقتصادية
700 1# - ADDED ENTRY--PERSONAL NAME
Personal name الوزني، خالد
700 1# - ADDED ENTRY--PERSONAL NAME
Personal name أبو رمان، حسين
942 ## - ADDED ENTRY ELEMENTS (KOHA)
Source of classification or shelving scheme Dewey Decimal Classification
Koha item type كتب
المقتنيات
حالة السحب حالة الفقدان مصدر التصنيف حالة التلف غير قابل للإعارة المكتبة الرئيسية المكتبة الحالية موقع الرف تاريخ التزويد الرقم المتسلسل Total Checkouts رقم الإستدعاء الباركود تاريخ آخر ظهور تاريخ الفاتورة نوع المادة (كوها)
    Dewey Decimal Classification     المكتبة المركزية المكتبة المركزية الإعارة 28/07/2025 1098892   330.9565/مؤت 1098892 28/07/2025 28/07/2025 كتب
    Dewey Decimal Classification     المكتبة المركزية المكتبة المركزية الإعارة 14/09/2014 1581038   330.9565/مؤت PLD00306653 28/07/2025 14/09/2014 كتب
    Dewey Decimal Classification     المكتبة المركزية المكتبة المركزية الإعارة 02/09/2021 1745252   330.9565/مؤت PLD00491804 28/07/2025 02/09/2021 كتب
    Dewey Decimal Classification     المكتبة المركزية المكتبة المركزية الإعارة 26/09/2021 1745001   330.9565/مؤت PLD00492374 28/07/2025 26/09/2021 كتب
    Dewey Decimal Classification     مكتبة أبو علندا العامة مكتبة أبو علندا العامة الإعارة 28/07/2025 1098904   330.9565/مؤت 1098904 28/07/2025 28/07/2025 كتب
    Dewey Decimal Classification     مكتبة الأميرة ايمان العامة مكتبة الأميرة ايمان العامة الإعارة 28/07/2025 1098896   330.9565/مؤت 1098896 28/07/2025 28/07/2025 كتب
    Dewey Decimal Classification     مكتبة الاميرة بديعة مكتبة الاميرة بديعة الإعارة 28/07/2025 1098899   330.9565/مؤت 1098899 28/07/2025 28/07/2025 كتب
    Dewey Decimal Classification     مكتبة الجويدة مكتبة الجويدة الإعارة 28/07/2025 1098900   330.9565/مؤت 1098900 28/07/2025 28/07/2025 كتب
    Dewey Decimal Classification     مكتبة الحسن العامة مكتبة الحسن العامة الإعارة 28/07/2025 1098901   330.9565/مؤت 1098901 28/07/2025 28/07/2025 كتب
    Dewey Decimal Classification   Not For Loan مكتبة تاريخ الأردن مكتبة تاريخ الأردن لا يعار 12/11/2009 1335368   330.9565/مؤت PLD00119185 28/07/2025 12/11/2009 كتب
    Dewey Decimal Classification     مكتبة حمزة العامة مكتبة حمزة العامة الإعارة 28/07/2025 1098902   330.9565/مؤت 1098902 28/07/2025 28/07/2025 كتب
    Dewey Decimal Classification     مكتبة صويلح العامة مكتبة صويلح العامة الإعارة 28/07/2025 1098897   330.9565/مؤت 1098897 28/07/2025 28/07/2025 كتب
    Dewey Decimal Classification     مكتبة عدن للأطفال مكتبة عدن للأطفال الإعارة 05/02/2025 1792643   330.9565/مؤت PLD00514746 28/07/2025 05/02/2025 كتب
    Dewey Decimal Classification     مكتبة وادي السير العامة مكتبة وادي السير العامة الإعارة 28/07/2025 1098905   330.9565/مؤت 1098905 28/07/2025 28/07/2025 كتب
Implemented & Customized by: BBB with SCIT (Smart Chains for Information Technology)

Powered by Koha